000 01022cam a2200301 04500
001 46279
010 _a9726701562
021 _b55739/92
090 _a46279
100 _a19930318d1992 m y0pory5003 ba
101 1 _apor
102 _aPT
200 1 _aMemórias de Khrushchov
_eas gravacões da Glasnost
_fNikita Khrushchov
_gpref. Strobe Talbott
_gestabelecimento do texto Jerrold L. Schecter, Vyacheslav V. Luchkov
_gtrad. Saul Barata
210 9 _aLisboa
_cEditorial Inquérito,
_dD.L. 1992
215 _a272 p.
_cil.
_d23 cm
225 2 _aDiversos
304 _aTít. orig.: Khrushchev remembers
600 1 _aKhrushchov,
_bNikita,
_f1894-1971
675 _a821.161.1-94"19"
_vBN
_zpor
675 _a929Khrushchov, Nikita
_vBN
_zpor
675 _a32Khrushchov, Nikita
_vBN
_zpor
700 1 _aKhrushchov,
_bNikita,
_f1894-1971
702 1 _aTalbott,
_bStrobe
_4080
702 1 _aSchecter,
_bJerrold L.
_4340
702 1 _aLuchkov,
_bVyacheslav V.
_4340
702 1 _aBarata,
_bSaúl Dias
_4730
801 0 _aPT
_bBN
_gRPC
990 _cLIVROS